Some aspects of structure and development of Hevea brasiliensis in relation to latex production (Record no. 68934)

MARC details
000 -LEADER
fixed length control field 00517nam a2200157Ia 4500
100 ## - MAIN ENTRY--AUTHOR NAME
Personal name Binghong H
245 #0 - TITLE STATEMENT
Title Some aspects of structure and development of Hevea brasiliensis in relation to latex production
260 ## - PUBLICATION, DISTRIBUTION, ETC. (IMPRINT)
Name of publisher Proceedings of the IRRDB Symposium: Rubber Physiology and Exploitation, China, 1986; p. 85-97
650 ## - SUBJECT ADDED ENTRY--TOPICAL TERM
Topical Term Ethephon
650 ## - SUBJECT ADDED ENTRY--TOPICAL TERM
Topical Term Hevea brasiliensis
650 ## - SUBJECT ADDED ENTRY--TOPICAL TERM
Topical Term Latex production
650 ## - SUBJECT ADDED ENTRY--TOPICAL TERM
Topical Term Tapping
700 ## - ADDED ENTRY--PERSONAL NAME
Personal name Jilin W
942 ## - ADDED ENTRY ELEMENTS (KOHA)
Koha item type Journals
Holdings
Withdrawn status Lost status Damaged status Not for loan Home library Current library Shelving location Date acquired Koha item type
      Journals RRII Library RRII Library Physiology 17/12/2021 Journals